| 000 | 00628nam a22002057a 4500 | ||
|---|---|---|---|
| 005 | 20150813104839.0 | ||
| 010 | _aENG-113624 | ||
| 020 |
_c425.00 _a9788120351158 |
||
| 035 | _aEN-97156 | ||
| 037 | _bDBAD/PUB | ||
| 082 | _a616.96 | ||
| 100 | _aMandal, Fatik Baran | ||
| 245 |
_aHuman parasitology / _cby Fatik Baran Mandal |
||
| 250 | _a2nd ed | ||
| 260 |
_aDelhi _bPHI Learning _c2015 |
||
| 270 |
_aRimjhim House, 111, Patparganj Industrial Estate, _bDelhi _e110092 |
||
| 300 |
_axv,300p. : _c27cm(pbk) _bill. |
||
| 500 | _aIncludes bibliographical references and index | ||
| 942 |
_2ddc _cEN _mMAN _h616.96 |
||
| 999 |
_c95141 _d95141 |
||